Famous Janes Quiz Stats

 Plays Quiz Updated Feb 25, 2019

Score 0/22 Timer 06:00
0 Plays Today
Hint Name % Correct
Author of 'Sense and Sensibility' and 'Pride and Prejudice'Jane Austen
86.8%
Generic name for any femaleJane Doe
83.8%
Title character of Charlotte Brontë's novelJane Eyre
76.6%
Cartoon wife of George & mother of Elroy & Judy Jane Jetson
70.7%
Star of 'Barbarella' and 'Coming Home'Jane Fonda
63.5%
Queen Consort of England or Dr. Quinn, Medicine WomanJane Seymour
57.2%
Arguably the world's foremost authority on chimpanzeesJane Goodall
48.1%
1960's blonde bombshell who starred in 'The Girl Can't Help It'Jayne Mansfield
36.5%
SNL alum and '3rd Rock from the Sun' starJane Curtin
32.8%
U.S. frontierswoman and acquaintance of Wild Bill HickokCalamity Jane
29.8%
1553 Queen of England for just over a weekLady Jane Grey
29.5%
Hint Name % Correct
Bette Davis was nominated for an Oscar in 1962 for portraying this characterBaby Jane Hudson
26.7%
Agatha Christie's amateur detectiveMiss Jane Marple
25.2%
One time host of 'Dateline NBC' and 'Today'Jane Pauley
23.8%
Star of 'Falcon Crest' and Ronald Reagan's ex-wifeJane Wyman
21.9%
Starred opposite Marilyn Monroe in 'Gentlemen Prefer Blondes'Jane Russell
13.8%
Played Lois on 'Malcolm in the Middle'Jane Kaczmarek
12.4%
Director of the 1993 film 'The Piano'Jane Campion
12.4%
Nobel Peace Prize winner and founder of the U.S. Settlement House movementJane Addams
11.8%
Helen Mirren's character on the British show 'Prime Suspect' Jane Tennison
6.1%
Laurie Brett's character on the BBC soap opera 'EastEnders'Jane Beale
5.3%
She wrote the words to 'Twinkle, Twinkle, Little Star'Jane Taylor
1.9%

You're not logged in!

Compare scores with friends on all Sporcle quizzes.
OR
Log In

Sporcle TV

Today on Sporcle TV


Watch our educational content, quiz creation guides, and fun videos on Sporcle TV.

Show Comments

Extras

Top Quizzes Today


Score Distribution

Your Account Isn't Verified!

In order to create a playlist on Sporcle, you need to verify the email address you used during registration. Go to your Sporcle Settings to finish the process.

Report this User

Report this user for behavior that violates our Community Guidelines.

Details: